000 00357nam a2200133Ia 4500
008 220217s9999||||xx |||||||||||||| ||und||
020 _a81-297-0467-6
082 _a005.13 GOS
100 _aGosling, James
245 0 _aObjects first with java
260 _aPearson education of asia
_bDelhi
_c2004
300 _b295
650 _aPROGRAMMING LANGUAGE
999 _c173480
_d173480